Jersey Shore Quotes Quiz Stats

Quiz not verified by Sporcle

Challenge
Share
Tweet
Embed
Score 0/12 Timer 05:00
0 Plays Today
Quote Character % Correct
Thank God for Deena, otherwise we would end up in Rome.Snooki
100%
This is going to be a miserable job so let's get our buzz on.Snooki
100%
Where's the nearest bathroom? I'm trying not to piss in public...again!Jenni
100%
I have no idea where Italy is on the map, but I do know what shape it is, and it's like a boot.Snooki
100%
________ and her boobies are going to Italy!!!Jenni
100%
The craziest thing is that he's in the hospital...and it wasn't even from the fight!Vinny
98.4%
When you're thinking suicide in someone else's relationship, that's how bad it is.DJ Pauly D
98.4%
If she's got a basket on her bicycle, she's too young for you, man!Vinny
98.4%
If she lost some pounds, I'll hit it. Mike
98%
Fresh start in Italy. No more being a bitch.Ronnie
97.6%
Be honest all you want, but I just don't want anything to do with you ever again in my entire life.Sammi
96.8%
Everything is in another language! *while in Italy*Deena
96.4%

You're not logged in!

Compare scores with friends on all Sporcle quizzes.
Join for Free
OR
Log In

You Might Also Like...

Show Comments

Extras

Created Sep 6, 2011ReportNominate
Tags:Quote Quiz, character, epic, jersey, shore

Top Quizzes Today


Score Distribution

Your Account Isn't Verified!

In order to create a playlist on Sporcle, you need to verify the email address you used during registration. Go to your Sporcle Settings to finish the process.

Report this User

Report this user for behavior that violates our Community Guidelines.

Details: